| 000 | 00568nam a2200205 a 4500 | ||
|---|---|---|---|
| 005 | 20230602063610.0 | ||
| 008 | 160309s1998 mx r 000 0 spa d | ||
| 020 | _a9686567399 | ||
| 035 | _aUPN01000208908 | ||
| 049 | _aCG | ||
| 050 | 4 |
_aPQ7276 _bV8.3 |
|
| 245 | 0 | 0 |
_aVueltas de tuerca : _bcuentos politécnicos / _ced. Claudia Pinedo. |
| 260 |
_aMéxico : _bEdiciones del Ermitaño : _bIPN, _c1998. |
||
| 300 | _a327 p. | ||
| 440 | 0 | _aMinimalia | |
| 650 | 4 |
_aCuentos mexicanos _96937 |
|
| 700 | 1 |
_aPinedo, Claudia, _eed. |
|
| 905 | _aLibro | ||
| 999 |
_c181009 _d181009 |
||